| 000 | 01163nam a22003134a 4500 | ||
|---|---|---|---|
| 001 | ebr10061191 | ||
| 003 | CaPaEBR | ||
| 006 | m u | ||
| 007 | cr cn||||||||| | ||
| 008 | 030226s2003 maua sb 001 0 eng | ||
| 010 | _z 2003004742 | ||
| 020 | _z1584502274 | ||
| 040 |
_aCaPaEBR _cCaPaEBR |
||
| 035 | _a(OCoLC)70772497 | ||
| 050 | 1 | 4 |
_aQA76.73.C153 _bL62 2003eb |
| 082 | 0 | 4 |
_a005.13/3 _221 |
| 100 | 1 | _aLlopis, Noel. | |
| 245 | 1 | 0 |
_aC++ for game programmers _h[electronic resource] / _cNoel Llopis. |
| 250 | _a1st ed. | ||
| 260 |
_aHingham, Mass. : _bCharles River Media, _cc2003. |
||
| 300 |
_axx, 412 p. : _bill. |
||
| 504 | _aIncludes bibliographical references and index. | ||
| 533 |
_aElectronic reproduction. _bPalo Alto, Calif. : _cebrary, _d2013. _nAvailable via World Wide Web. _nAccess may be limited to ebrary affiliated libraries. |
||
| 650 | 0 | _aC++ (Computer program language) | |
| 650 | 0 |
_aComputer games _xProgramming. |
|
| 655 | 7 |
_aElectronic books. _2local |
|
| 710 | 2 | _aebrary, Inc. | |
| 856 | 4 | 0 |
_uhttp://site.ebrary.com/lib/rucke/Doc?id=10061191 _zAn electronic book accessible through the World Wide Web; click to view |
| 999 |
_c156007 _d156007 |
||